000 00766nam a2200229Ia 4500
003 OSt
005 20220923221608.0
006 a|||||r|||| 00| 0
007 ta
008 220922b |||||||| |||| 00| 0 hin d
024 _a198,402
037 _cTextual
040 _aARTS
_cARTS
_bhin
041 _2hin
_ahin
082 _aP152:2-3, 152K8
100 _aभाटिया, कैलाश चंद्र
_9160662
245 0 _aहिंदी भाषा में अक्षर तथा शब्द की सीमा
246 _aHiandī bhāṣhā mean akṣhar tathā shabda kī sīmā
260 _c1968
942 _hP152:2-3, 152K8
_cTEXL
_2CC
999 _c350248
_d350248